| 000 | 00370 a2200109 4500 | ||
|---|---|---|---|
| 001 | ART_28325 | ||
| 005 | 20260410161951.0 | ||
| 008 | 260409a | ||
| 245 | 1 | 0 | _aEl sistema legal de consumo a partir del Código Civil y comercial |
| 100 | 1 | _aAlvarez Larrondo, Federico M. | |
| 773 | 0 |
_tTemas de derecho comercial _g- Año 1, Nº 3 (mar. 2015) _wREV28151 |
|
| 999 |
_c30401 _d30401 |
||